[Event "Tourn. n8725"]
[Site "www.chess-mail.com"]
[Date "2016.05.30"]
[Round "1"]
[White "Redabond"]
[Black "Genius3"]
[WhiteElo "1550"]
[BlackElo "1680"]
[Result "1-0"]
[Round "1"]
1.d4 f5
2.Bc1f4 Ng8f6
3.Nb1c3 e6
4.Nc3b5 d6
5.Ng1f3 Bf8e7
6.e3 a6
7.Nb5c3 O-O
8.Bf1d3 Nb8c6
9.O-O Nf6h5
10.Bf4g3 Nh5xg3
11.fxg3 Bc8d7
12.d5 Nc6e5
13.Nf3xe5 dxe5
14.dxe6 Bd7xe6
15.e4 Be7c5
16.Kh1 fxe4
17.Rf1xf8 Qd8xf8
18.Bd3xe4 Ra8d8
19.Qd1h5 g6
20.Qh5xe5 Qf8d6
21.Qe5xd6 Rd8xd6
22.Be4xb7 Rd6b6
23.Bb7d5 Be6xd5
24.Nc3xd5 Rb6xb2
25.Nd5xc7 Rb2xc2
26.Nc7xa6 Bc5d4
27.h3  { time }
1-0

[Event "Tourn. n8716"]
[Site "www.chess-mail.com"]
[Date "2016.05.30"]
[Round "1"]
[White "Coventry"]
[Black "Mitja"]
[WhiteElo "1910"]
[BlackElo "1890"]
[Result "1/2-1/2"]
[Round "1"]
1.Ng1f3 d5
2.g3 e6
3.Bf1g2 c6
4.d4 h6
5.O-O Ng8f6
6.b3 Nb8d7
7.Bc1b2 Nd7b6
8.Nb1d2 Bf8e7
9.Nf3e5 O-O
10.c4 dxc4
11.Nd2xc4 Nb6xc4
12.bxc4 Qd8b6
13.Qd1b3 Qb6c7
14.e3 Be7d6
15.Ne5d3 Bd6e7
16.a4 a6
17.c5 Ra8b8
18.a5 Nf6h7
19.Rf1c1 Be7f6
20.Qb3b6 Qc7e7
21.Nd3b4 Bc8d7
22.Nb4d3 Qe7e8
23.Bb2c3 Bf6d8
24.Qb6b3 Bd8c7
25.h3 Qe8e7
26.Bc3b2 Qe7d8
27.Bb2c3 Qd8e7
28.e4 Nh7f6
29.Qb3c4 Bd7c8
30.Rc1e1 Rf8d8
31.Ra1b1 { draw }
1/2-1/2

[Event "Tourn. n8784"]
[Site "www.chess-mail.com"]
[Date "2016.05.30"]
[Round "1"]
[White "Amaya"]
[Black "Attatroll"]
[WhiteElo "2040"]
[BlackElo "2000"]
[Result "1-0"]
[Round "1"]
1.d4 e5
2.c3 exd4
3.cxd4 Ng8f6
4.e3 d5
5.Bf1d3 c6
6.f4 Bf8d6
7.Ng1f3 O-O
8.Nb1d2 Bc8g4
9.O-O Rf8e8
10.Qd1e1 Bd6xf4
11.Nf3e5 Bf4xe5
12.dxe5 Nf6d7
13.Nd2f3 Nd7xe5
14.Nf3xe5 Re8xe5
15.Qe1g3 Nb8d7
16.Qg3xg4 Nd7f6
17.Qg4g3 Re5e8
18.Qg3h3 h6
19.Bc1d2 Qd8b6
20.Rf1xf6 gxf6
21.Qh3xh6 Re8d8
22.Bd3h7 { resign }
1-0

[Event "Tourn. n8718"]
[Site "www.chess-mail.com"]
[Date "2016.05.30"]
[Round "1"]
[White "Raven16"]
[Black "Andychesston"]
[WhiteElo "2140"]
[BlackElo "2000"]
[Result "1-0"]
[Round "1"]
1.e4 e5
2.Ng1f3 Nb8c6
3.Bf1c4 d6
4.d4 Bc8g4
5.c3 a6
6.Bc1e3 Ng8f6
7.Nb1d2 d5
8.exd5 Nf6xd5
9.O-O Nd5f6
10.Qd1b3 Bg4h5
11.dxe5 Nc6a5
12.Qb3a4 c6
13.exf6 b5
14.Bc4xf7 Bh5xf7
15.Qa4e4 Kd7
16.Nf3e5 Kc7
17.Ne5xf7 Qd8xf6
18.Nf7xh8 g6
19.Qe4f4 Qf6d6
20.Qf4xd6 Bf8xd6
21.Nh8f7 Bd6e7
22.Nf7e5 Ra8e8
23.Be3f4 Kb7
24.Nd2f3 Be7d6
25.Ne5d3 Bd6xf4
26.Nd3xf4 Na5c4
27.b3 Nc4d6
28.Rf1e1 Re8h8
29.Re1e7 Kb6
30.Ra1e1 Nd6f5
31.Re7e8 Rh8xe8
32.Re1xe8 Nf5d6
33.Re8e6 Nd6f5
34.Nf3d4 { resign }
1-0

[Event "Tourn. n8704"]
[Site "www.chess-mail.com"]
[Date "2016.05.30"]
[Round "1"]
[White "Obisporey"]
[Black "Milkyway"]
[WhiteElo "2600"]
[BlackElo "2269"]
[Result "1-0"]
[Round "1"]
1.e4 e6
2.d4 d5
3.Nb1c3 dxe4
4.Nc3xe4 Bc8d7
5.Ng1f3 Bd7c6
6.Bf1d3 Nb8d7
7.O-O Ng8f6
8.Ne4g3 Bf8e7
9.b3 O-O
10.c4 Bc6xf3
11.Qd1xf3 c6
12.Bc1f4 Rf8e8
13.Rf1d1 Nd7f8
14.a3 a5
15.Ng3e2 Nf8g6
16.Bf4e5 Qd8d7
17.Bd3c2 Qd7c8
18.Be5g3 Re8d8
19.h4 Be7d6
20.h5 Ng6f8
21.Bg3h4 Bd6e7
22.h6 Nf8g6
23.Bh4g5 Nf6e8
24.Bc2xg6 hxg6
25.Bg5xe7 { resign }
1-0

[Event "Tourn. n8779"]
[Site "www.chess-mail.com"]
[Date "2016.05.30"]
[Round "1"]
[White "Romaamor69"]
[Black "B0zata"]
[WhiteElo "2160"]
[BlackElo "2210"]
[Result "1-0"]
[Round "1"]
1.c4 e5
2.g3 Ng8f6
3.Bf1g2 Bf8c5
4.Nb1c3 Nb8c6
5.Ng1f3 d5
6.Nf3xe5 Nc6xe5
7.d4 Ne5xc4
8.dxc5 c6
9.O-O d4
10.Nc3e4 Nf6xe4
11.Bg2xe4 Bc8h3
12.Rf1e1 O-O
13.Qd1c2 Nc4e5
14.Be4xh7 Kh8
15.Bh7e4 Qd8e7
16.Bc1f4 g5
17.Bf4xe5 Qe7xe5
18.e3 dxe3
19.Re1xe3 Qe5g7
20.Be4f5 Bh3xf5
21.Qc2xf5 Ra8d8
22.Ra1e1 Rd8d5
23.Re3e5 Rd5xe5
24.Re1xe5 f6
25.Re5e6 Kg8
26.b4 Qg7d7
27.Qf5g6 Qd7g7
28.Qg6xg7 Kxg7
29.Re6e7 Rf8f7
30.Re7xf7 Kxf7
31.Kg2 g4
32.f3 f5
33.fxg4 fxg4
34.h4 Kf6
35.Kf2 Kf5
36.Ke3 Ke5
37.a4 b6
38.cxb6 axb6
39.a5 bxa5
40.bxa5 { resign }
1-0

[Event "Tourn. n8763"]
[Site "www.chess-mail.com"]
[Date "2016.05.30"]
[Round "1"]
[White "Picifarkinca"]
[Black "Koumaak"]
[WhiteElo "1780"]
[BlackElo "1800"]
[Result "1-0"]
[Round "1"]
1.d4 e6
2.c4 d6
3.Nb1c3 h6
4.Ng1f3 Ng8f6
5.e4 c5
6.dxc5 dxc5
7.Qd1xd8 Kxd8
8.h3 Bf8d6
9.e5 Bd6xe5
10.Nf3xe5 Nb8a6
11.Ne5xf7 Ke8
12.Nf7xh8 Bc8d7
13.a3 O-O-O
14.Nh8f7 Rd8f8
15.Nf7e5 Rf8d8
16.Ne5xd7 Rd8xd7
17.Bf1e2 g5
18.O-O h5
19.Bc1xg5 Nf6h7
20.Bg5h4 Rd7d2
21.Ra1b1 e5
22.Rf1d1 Rd2c2
23.Rd1d8 Kc7
24.Nc3b5 Kb6
25.Rd8d6 Ka5
26.Be2d3 Rc2d2
27.Bd3xh7 Rd2xd6
28.Nb5xd6 e4
29.Bh7xe4 Na6b4
30.axb4 cxb4
31.Bh4d8 b6
32.Rb1a1 
1-0

[Event "Tourn. n8816"]
[Site "www.chess-mail.com"]
[Date "2016.05.30"]
[Round "1"]
[White "Bojan"]
[Black "Jhzes"]
[WhiteElo "1930"]
[BlackElo "1920"]
[Result "1-0"]
[Round "1"]
1.d4 d6
2.e4 e5
3.dxe5 Qd8h4
4.exd6 Qh4xe4
5.Qd1e2 Qe4xe2
6.Bf1xe2 Bf8xd6
7.Ng1f3 Bc8e6
8.Nb1c3 Nb8d7
9.Nc3e4 Ng8f6
10.Ne4xd6 cxd6
11.Bc1f4 d5
12.O-O-O Nf6e4
13.Bf4e3 Nd7c5
14.Nf3d4 Be6d7
15.f3 Ne4f6
16.Nd4b5 Nc5e6
17.Nb5d6 Ke7
18.Nd6xb7 Rh8b8
19.Nb7c5 Ne6xc5
20.Be3xc5 Kd8
21.Rh1e1 Rb8c8
22.Bc5b4 a5
23.Bb4d6 Rc8c6
24.Bd6e5 Bd7e6
25.Be2b5 Rc6c5
26.a4 Ra8c8
27.c3 Ke7
28.g4 g5
29.Be5g3 Rc8d8
30.h4 h6
31.Kc2 d4
32.hxg5 hxg5
33.Bg3f2 Rc5d5
34.Bf2xd4 Rd8d6
35.Bb5c4 Rd5xd4
36.Rd1xd4 Rd6xd4
37.cxd4 Kd7
38.Bc4xe6 fxe6
39.Re1e5 Nf6h7
40.Re5xa5 Kd6
41.b4 Kc6
42.Ra5e5 { resign }
1-0

[Event "Tourn. n8696"]
[Site "www.chess-mail.com"]
[Date "2016.05.30"]
[Round "1"]
[White "Chessexpert"]
[Black "Gatrooper"]
[WhiteElo "1440"]
[BlackElo "1560"]
[Result "0-1"]
[Round "1"]
1.e4 e5
2.Bf1c4 d6
3.Ng1f3 Bc8e6
4.Bc4xe6 fxe6
5.d3 Nb8c6
6.O-O h6
7.d4 exd4
8.Nf3xd4 Nc6xd4
9.Qd1xd4 e5
10.Qd4d1 Qd8f6
11.Nb1c3 c6
12.f4 exf4
13.Bc1xf4 Qf6g6
14.Qd1d4 c5
15.Qd4d5 Ng8e7
16.Qd5xd6 Qg6xd6
17.Bf4xd6 Ne7c6
18.Bd6xf8 Rh8xf8
19.Rf1xf8 Kxf8
20.Ra1f1 Ke7
21.Nc3d5 Kd6
22.c3 g5
23.g4 Nc6e5
24.h3 c4
25.Rf1f6 Kc5
26.Kg2 Ne5d3
27.Rf6xh6 Nd3f4
28.Nd5xf4 gxf4
29.g5 Ra8f8
30.Kf3 b6
31.Rh6f6 Rf8g8
32.Kxf4 Kb5
33.h4 a5
34.h5 Kc5
35.g6 Kb5
36.h6 a4
 { time }
0-1

[Event "Tourn. n8626"]
[Site "www.chess-mail.com"]
[Date "2016.05.30"]
[Round "1"]
[White "Starwind"]
[Black "Numanoid"]
[WhiteElo "2410"]
[BlackElo "2470"]
[Result "1-0"]
[Round "1"]
1.Ng1f3 c5
2.e4 e6
3.d4 cxd4
4.Nf3xd4 Ng8f6
5.Nb1c3 Bf8b4
6.e5 Nf6d5
7.Bc1d2 Nd5xc3
8.bxc3 Bb4a5
9.Qd1h5 a6
10.Bf1d3 Qd8c7
11.O-O Ba5xc3
12.Bd2xc3 Qc7xc3
13.Nd4f3 Nb8c6
14.Rf1e1 Qc3c5
15.Qh5g4 Kf8
16.Qg4f4 h6
17.a4 Kg8
18.Re1e4 Ra8b8
19.Qf4g3 b5
20.Re4g4 g6
21.Ra1b1 b4
22.h4 Kf8
23.Rg4c4 Qc5e7
24.Nf3d2 a5
25.Rc4g4 h5
26.Rg4g5 Bc8b7
27.Qg3f4 Kg7
28.Nd2e4 Rh8h6
29.Rg5g3 Nc6a7
30.Ne4f6 Na7c6
31.Rb1d1 d5
32.Rd1e1  { time }
1-0

[Event "Tourn. n8755"]
[Site "www.chess-mail.com"]
[Date "2016.05.30"]
[Round "1"]
[White "Bojan"]
[Black "Roque1"]
[WhiteElo "1820"]
[BlackElo "1950"]
[Result "1-0"]
[Round "1"]
1.c4 e6
2.a3 Ng8f6
3.b4 d6
4.Bc1b2 Bf8e7
5.g3 O-O
6.Qd1c2 Nb8c6
7.Ng1f3 e5
8.Bf1g2 Bc8g4
9.h3 Bg4h5
10.Nb1c3 Qd8d7
11.Nc3e4 Nf6xe4
12.Qc2xe4 Bh5g6
13.Qe4e3 Be7f6
14.Nf3h2 a5
15.O-O axb4
16.axb4 Nc6xb4
17.Qe3b3 c5
18.Bb2c3 Nb4a6
{ time. }
1-0

[Event "Match"]
[Site "www.echecsemail.com"]
[Date "2016.05.30"]
[Round "1"]
[White "Add"]
[Black "Milkyway"]
[WhiteElo "2040"]
[BlackElo "2269"]
[Result "1-0"]
[Round "1"]
1.e4 e5
2.Ng1f3 Ng8f6
3.Nf3xe5 d6
4.Ne5xf7 Kxf7
5.Bf1c4 Bc8e6
6.Bc4xe6 Kxe6
7.d3 Kf7
8.c3 d5
9.e5 Nf6e8
10.Qd1h5 g6
11.Qh5f3 Kg8
12.d4 Bf8g7
13.Qf3g4 Qd8d7
14.Qg4e2 h6
15.h4 c6
16.Qe2d3 Qd7f5
17.Qd3xf5 gxf5
18.h5 Kf7
19.f4 Nb8d7
20.Rh1g1 Nd7b6
21.b3 a5
22.g4 fxg4
23.a4 Ne8c7
24.Rg1xg4 Rh8g8
25.Ra1a2 Bg7h8
26.Ra2g2 Rg8xg4
27.Rg2xg4 Ra8g8
28.Rg4xg8 Kxg8
29.f5 Kh7
30.Bc1a3 Bh8g7
31.f6 Bg7h8
32.f7 Nc7e6
33.f8Q Ne6xf8
34.Ba3xf8 { resign }
1-0

[Event "Match"]
[Site "www.echecsemail.com"]
[Date "2016.05.30"]
[Round "1"]
[White "Dox"]
[Black "Jhzes"]
[WhiteElo "1809"]
[BlackElo "1809"]
[Result "1-0"]
[Round "1"]
1.e4 e6
2.d4 d5
3.Nb1d2 e5
4.dxe5 dxe4
5.Nd2xe4 Qd8xd1
6.Kxd1 Bc8f5
7.Ne4g3 Bf5e6
8.f4 Nb8c6
9.c3 Bf8c5
10.Ng1f3 O-O-O
11.Kc2 g6
12.Bf1d3 Ng8e7
13.Nf3g5 Be6d5
14.Ng3e4 Bc5b6
15.Ne4f6 Bd5xg2
16.Rh1e1 Bg2d5
17.Nf6xd5 Rd8xd5
18.Bd3c4 Rd5c5
19.b3 f5
20.Bc1e3 Rc5a5
21.b4 Bb6xe3
22.Re1xe3 Ne7d5
23.Re3f3 Nc6xb4
24.cxb4 Nd5xb4
25.Kc3 Nb4d5
26.Kb3 Nd5e7
27.Ra1d1 b5
28.Bc4e6 Kb7
29.Rd1d7 Ne7c6
30.Be6d5 Kb6
31.Bd5xc6 Kxc6
32.Rd7xh7 Rh8b8
33.Rf3c3 Kd5
34.Rh7d7 { resign }
1-0

[Event "Match"]
[Site "www.echecsemail.com"]
[Date "2016.05.30"]
[Round "1"]
[White "Snickers"]
[Black "Fangshuo"]
[WhiteElo "2110"]
[BlackElo "2050"]
[Result "0-1"]
[Round "1"]
1.d4 e6
2.c4 c5
3.Ng1f3 Nb8c6
4.e3 Ng8e7
5.Nb1c3 Ne7f5
6.Bf1e2 cxd4
7.exd4 Qd8b6
8.c5 Qb6d8
9.Be2b5 d6
10.Bb5xc6 bxc6
11.Qd1a4 Bc8b7
12.cxd6 Bf8xd6
13.O-O O-O
14.Rf1e1 c5
15.dxc5 Bd6xc5
16.Bc1g5 Qd8b6
17.Qa4c2 Bb7xf3
18.gxf3 Nf5d4
19.Qc2d3 f6
20.Bg5h4 Rf8d8
21.Nc3a4 Qb6c6
22.Na4xc5 Nd4xf3
{ resign }
0-1

[Event "Match"]
[Site "www.echecsemail.com"]
[Date "2016.05.30"]
[Round "1"]
[White "Micheles"]
[Black "Genius7"]
[WhiteElo "2510"]
[BlackElo "1780"]
[Result "1-0"]
[Round "1"]
1.d4 Ng8f6
2.Ng1f3 g6
3.Bc1g5 Bf8g7
4.Nb1d2 d6
5.e4 h6
6.Bg5h4 c6
7.Bf1d3 Qd8c7
8.c3 e5
9.Nd2c4 exd4
10.cxd4 b5
11.Nc4e3 O-O
12.O-O Bc8b7
13.Qd1b3 a6
14.e5 dxe5
15.dxe5 Nf6d5
16.e6 fxe6
17.Bd3xg6 Rf8xf3
18.Ne3xd5 cxd5
19.Qb3xf3 Nb8c6
20.Qf3g4 Qc7d6
21.Bh4g3 Qd6e7
22.Ra1c1 e5
23.Rf1d1 d4
24.Bg6e4 Ra8c8
25.Qg4g6 Qe7f6
26.Qg6h7 Kf7
27.f4 exf4
28.Be4d5 Kf8
29.Bg3h4 Qf6xh4
30.Qh7g8 { resign }
1-0

[Event "Match"]
[Site "www.echecsemail.com"]
[Date "2016.05.30"]
[Round "1"]
[White "Mitja"]
[Black "Bojan"]
[WhiteElo "1960"]
[BlackElo "1900"]
[Result "1-0"]
[Round "1"]
1.d4 b6
2.e3 Bc8b7
3.c3 Nb8c6
4.Ng1f3 e6
5.Qd1c2 g6
6.Nb1d2 f5
7.Bf1e2 d6
8.b3 h6
9.Bc1b2 a6
10.c4 Ng8f6
11.h3 Rh8g8
12.Bb2c3 Nc6a7
13.a4 c5
14.dxc5 dxc5
15.Ra1d1 Nf6e4
16.Nd2xe4 Qd8e7
17.Ne4f6 Kf7
18.Rd1d7 Qe7xd7
19.Nf6xd7 Bb7e4
20.Qc2b2 Na7c6
21.Nd7xf8 Ra8xf8
22.O-O Rf8d8
23.Rf1d1 { resign }
1-0

[Event "Match"]
[Site "www.echecsemail.com"]
[Date "2016.05.30"]
[Round "1"]
[White "Llord"]
[Black "Genius3"]
[WhiteElo "1800"]
[BlackElo "1680"]
[Result "1-0"]
[Round "1"]
1.e4 e5
2.Ng1f3 d6
3.Bf1c4 Bf8e7
4.O-O Ng8f6
5.Nb1c3 O-O
6.d4 exd4
7.Qd1xd4 Nb8c6
8.Qd4d1 Bc8g4
9.Bc4e2 a6
10.Nc3d5 Bg4xf3
11.Be2xf3 Nc6e5
12.Bc1g5 Nf6xd5
13.Bg5xe7 Nd5xe7
14.h3 Ne5xf3
15.Qd1xf3 Ne7c6
16.c3 Nc6e5
17.Qf3g3 Ne5g6
18.Ra1d1 Qd8e7
19.Rf1e1 Qe7e5
20.Qg3xe5 Ng6xe5
21.f4 Ne5c6
22.b4 Rf8e8
23.a4 Ra8d8
24.b5 axb5
25.axb5 Nc6a7
26.c4 Na7c8
27.g4 Nc8e7
28.f5 f6
29.h4 Ne7c8
30.g5 Kf7
31.Rd1d2 Nc8b6
32.Rd2g2 Nb6xc4
33.g6 hxg6
34.fxg6 Kf8
35.h5 d5
36.h6 gxh6
37.Re1c1 Re8xe4
38.Rc1f1 Kg7
39.Rf1f3 Nc4e5
40.Rf3c3 Rd8d7
41.Rc3g3 h5
42.Rg3h3 h4
43.Kf2 Ne5xg6
44.Kf3 Re4f4
45.Ke3 d4
46.Ke2 d3
47.Kd2  { time }
1-0

[Event "Match"]
[Site "www.echecsemail.com"]
[Date "2016.05.30"]
[Round "1"]
[White "Orae"]
[Black "Chessexpert"]
[WhiteElo "1720"]
[BlackElo "1480"]
[Result "1-0"]
[Round "1"]
1.e4 e6
2.Ng1f3 d5
3.Bf1b5 c6
4.Bb5a4 dxe4
5.Nf3e5 Ng8f6
6.O-O Bf8d6
7.Ne5c4 Bd6c7
8.Rf1e1 b5
9.Nc4e3 bxa4
10.c4 Qd8d6
11.g3 h5
12.Qd1xa4 h4
13.Ne3f1 hxg3
14.fxg3 Kf8
15.b3 Bc8b7
16.Bc1a3 c5
17.b4 Bc7b6
18.b5 a6
19.Nb1c3 axb5
20.Qa4b3 b4
21.Nc3b5 Qd6e7
22.Ba3b2 Nb8c6
23.Bb2xf6 Qe7xf6
24.Nb5d6 Qf6d4
25.Re1e3 Qd4xd6
26.d3 exd3
27.Re3xd3  { time }
1-0

[Event "Match"]
[Site "www.echecsemail.com"]
[Date "2016.05.30"]
[Round "1"]
[White "Chtoubidou"]
[Black "Genius9"]
[WhiteElo "1950"]
[BlackElo "1770"]
[Result "1/2-1/2"]
[Round "1"]
1.e4 d6
2.d4 g6
3.Nb1c3 Bf8g7
4.Ng1f3 Ng8f6
5.Bf1c4 O-O
6.O-O Nf6xe4
7.Nc3xe4 d5
8.Bc4xd5 Qd8xd5
9.Ne4c3 Qd5d8
10.h3 Nb8c6
11.Bc1e3 a6
12.Rf1e1 Nc6b4
13.a3 Nb4d5
14.Nc3xd5 Qd8xd5
15.Qd1d3 Bc8f5
16.c4 Bf5xd3
17.cxd5 Bd3e4
18.Ra1c1 Ra8c8
19.Be3f4 Be4xd5
20.Re1xe7 Bd5xf3
21.gxf3 Bg7xd4
{ draw }
1/2-1/2

[Event "Match"]
[Site "www.echecsemail.com"]
[Date "2016.05.30"]
[Round "1"]
[White "Bojan"]
[Black "Mitja"]
[WhiteElo "1910"]
[BlackElo "1940"]
[Result "1-0"]
[Round "1"]
1.e4 d5
2.exd5 Qd8xd5
3.Nb1c3 Qd5d8
4.d4 e6
5.Bf1c4 c6
6.Qd1f3 h6
7.Bc1e3 Ng8f6
8.Ng1e2 Nb8d7
9.a3 Nd7b6
10.Bc4d3 Nb6d5
11.Nc3xd5 Nf6xd5
12.Be3d2 Qd8c7
13.c4 Nd5f6
14.b4 b6
15.Bd2f4 Bf8d6
16.Bf4e3 Bc8b7
17.c5 Bd6e7
18.Be3f4 Qc7d7
19.h3 Nf6d5
20.Bf4e5 Be7f6
21.Qf3g3 Bf6xe5
22.Qg3xe5 O-O
23.Ne2f4 Rf8e8
24.Bd3c4 b5
25.Bc4b3 a5
26.bxa5 Ra8xa5
27.Nf4h5 f6
28.Qe5g3 b4
29.Bb3xd5 exd5
30.Kd2 Kf7
31.Qg3xg7 { resign }
1-0

[Event "Match"]
[Site "www.echecsemail.com"]
[Date "2016.05.30"]
[Round "1"]
[White "Gimmyg"]
[Black "Fabos12"]
[WhiteElo "2540"]
[BlackElo "1860"]
[Result "1-0"]
[Round "1"]
1.d4 d5
2.c4 Ng8f6
3.cxd5 Nf6xd5
4.e4 Nd5b6
5.Ng1f3 Bc8g4
6.Bc1e3 Nb8c6
7.Nb1c3 g6
8.d5 Nc6e5
9.Nf3xe5 Bg4xd1
10.Bf1b5 c6
11.dxc6 bxc6
12.Bb5xc6 Nb6d7
13.Ra1xd1 Bf8g7
14.Rd1xd7 Qd8xd7
15.Ne5xd7 { resign }
1-0

[Event "Match"]
[Site "www.echecsemail.com"]
[Date "2016.05.30"]
[Round "1"]
[White "Jhzes"]
[Black "Biggles"]
[WhiteElo "1930"]
[BlackElo "2020"]
[Result "0-1"]
[Round "1"]
1.Nb1c3 e5
2.e4 Ng8f6
3.a3 Bf8c5
4.Bf1c4 Nb8c6
5.b4 Bc5b6
6.Ng1f3 O-O
7.d3 d6
8.O-O Bc8g4
9.Nc3d5 Nf6xd5
10.Bc4xd5 Nc6d4
11.Bd5xb7 Ra8b8
12.Bb7a6 Qd8f6
13.Bc1e3 Nd4xf3
14.Kh1 Nf3xh2
15.f3 Qf6h4
16.Qd1e1 Nh2xf3
17.Qe1xh4 Nf3xh4
18.Be3g5 Nh4g6
19.c4 Bb6d4
20.Ra1c1 f6
21.Bg5d2 f5
22.exf5 Bg4xf5
23.Rf1f3 Rf8f6
24.Rc1f1 Rb8f8
25.Rf3g3 Ng6f4
26.Bd2xf4 exf4
27.Rg3g5 Rf6h6
{ resign }
0-1

[Event "Match"]
[Site "www.echecsemail.com"]
[Date "2016.05.30"]
[Round "1"]
[White "Bojan"]
[Black "Jhzes"]
[WhiteElo "1930"]
[BlackElo "1920"]
[Result "1-0"]
[Round "1"]
1.c4 e5
2.Nb1c3 f5
3.e4 Ng8f6
4.exf5 Bf8c5
5.f3 d6
6.Bf1d3 Nb8c6
7.Ng1e2 O-O
8.g4 Nc6d4
9.Ne2xd4 Bc5xd4
10.Qd1b3 c5
11.Nc3e4 Nf6xg4
12.fxg4 Qd8h4
13.Kd1 Qh4xg4
14.Kc2 Bc8xf5
15.Ne4xd6 Bf5xd3
16.Qb3xd3 Ra8d8
17.Nd6xb7 Rf8f3
18.Qd3e2 Rf3c3
19.Kd1 Qg4xe2
20.Kxe2 Rc3xc1
21.Nb7xd8 Rc1xa1
22.Rh1xa1 Bd4xb2
23.Ra1f1 e4
24.Ke3 Bb2f6
25.Nd8e6 Bf6e7
26.Kxe4 Be7d6
27.Kd5 Bd6e7
28.Ne6xc5 Be7xc5
29.Kxc5 { resign }
1-0

[Event "1/32 Finale"]
[Site "www.chess-mail.com"]
[Date "2016.05.30"]
[Round "1"]
[White "Osopanda"]
[Black "Jose"]
[WhiteElo "1940"]
[BlackElo "2750"]
[Result "0-1"]
[Round "1"]
1.c4 Ng8f6
2.d4 e6
3.Nb1c3 d5
4.cxd5 exd5
5.Ng1f3 c6
6.Bc1g5 Bf8e7
7.e3 O-O
8.Bf1d3 Nb8d7
9.O-O Nf6e4
10.Bg5xe7 Qd8xe7
11.Nf3e5 Ne4xc3
12.bxc3 Nd7xe5
13.dxe5 Qe7xe5
14.c4 dxc4
15.Bd3xc4 Bc8f5
16.Qd1b3 b5
17.Bc4e2 a5
18.Ra1c1 Bf5e4
19.f3 Be4d5
20.Qb3d1 Qe5xe3
21.Kh1 Bd5xa2
22.Rc1xc6 Ra8d8
23.Qd1e1 Rf8e8
24.Rc6c2 Ba2c4
25.Rf1f2 Rd8d1
26.Qe1xd1 Qe3xf2
27.h3 Bc4xe2
28.Qd1c1 Qf2f1
{ resign }
0-1

[Event "1/64 Finale"]
[Site "www.chess-mail.com"]
[Date "2016.05.30"]
[Round "1"]
[White "Esperanza"]
[Black "Guidom"]
[WhiteElo "1569"]
[BlackElo "2030"]
[Result "1-0"]
[Round "1"]
1.e4 e5
2.Ng1f3 Nb8c6
3.Bf1c4 d6
4.O-O Bf8e7
5.c3 Ng8f6
6.Rf1e1 Bc8g4
7.h3 Bg4h5
8.d4 exd4
9.cxd4 O-O
10.Nb1c3 Bh5xf3
11.gxf3 Nf6d7
12.Kh2 Nd7b6
13.Bc4b3 Kh8
14.Re1g1 f5
15.Bc1e3 f4
16.Be3c1 Be7f6
17.Bc1xf4 Bf6xd4
18.Bf4g5 Qd8d7
19.Qd1e2 h6
20.f4 Nc6a5
21.h4 Na5xb3
22.axb3 hxg5
23.Qe2h5 Kg8
24.hxg5 Rf8xf4
25.g6 Bd4e5
26.Kh1 Rf4xf2
27.Qh5h7 Kf8
28.Ra1f1 Rf2xf1
29.Rg1xf1 Be5f6
30.Nc3d5 Nb6xd5
31.exd5 Qd7d8
32.Rf1e1 Bf6e5
33.Qh7h8 Ke7
34.Qh8xg7 Ke8
35.Qg7f7 
1-0

[Event "Eq:Los Tercios-Slap Shot Mates : "]
[Site "www.chess-mail.com"]
[Date "2016.05.30"]
[Round "1"]
[White "Ericleo1980"]
[Black "Paaliaq"]
[WhiteElo "2260"]
[BlackElo "2179"]
[Result "0-1"]
[Round "1"]
1.e4 Ng8f6
2.e5 Nf6d5
3.d4 d6
4.Ng1f3 g6
5.Bf1c4 Nd5b6
6.Bc4b3 Bf8g7
7.Nf3g5 e6
8.f4 dxe5
9.fxe5 c5
10.c3 cxd4
11.cxd4 Nb8c6
12.Ng5f3 f6
13.exf6 Bg7xf6
14.Bc1e3 Nb6d5
15.Be3f2 O-O
16.O-O Nc6a5
17.Bb3c2 Qd8b6
18.b3 Bc8d7
19.Nb1d2 Bd7b5
20.Nd2c4 Na5xc4
21.bxc4 Bb5xc4
22.Bc2d3 Ra8c8
23.Ra1b1 Qb6a6
24.Bd3xc4 Rc8xc4
25.Qd1b3 b6
26.a3 Rc4c3
27.Qb3b5 Qa6xb5
28.Rb1xb5 Rc3xa3
29.Rf1e1 Ra3a2
30.Rb5b1 Nd5c3
31.Rb1b3 Nc3e2
32.Kh1 Rf8d8
33.Re1d1 e5
34.d5 e4
35.Nf3e1 Ne2c3
36.Rb3xc3 Bf6xc3
37.Bf2h4 Rd8f8
38.h3 Rf8f1
39.Kh2 Ra2e2
40.d6 Bc3e5
41.Bh4g3 Re2xe1
42.Rd1xe1 Be5xg3
{ resign }
0-1

[Event "Tourn. n8779"]
[Site "www.chess-mail.com"]
[Date "2016.05.31"]
[Round "1"]
[White "Romaamor69"]
[Black "Amaya"]
[WhiteElo "2160"]
[BlackElo "2040"]
[Result "1-0"]
[Round "1"]
1.c4 Ng8f6
2.g3 g6
3.Bf1g2 Bf8g7
4.Nb1c3 O-O
5.d3 d6
6.Ng1f3 Nb8d7
7.O-O e5
8.Ra1b1 Rf8e8
9.e4 a6
10.b4 h6
11.Qd1c2 Nd7f8
12.h3 Bc8d7
13.Bc1e3 Nf8e6
14.Rf1c1 b6
15.Qc2d2 { resign }
1-0

[Event "Tourn. n8670"]
[Site "www.chess-mail.com"]
[Date "2016.05.31"]
[Round "1"]
[White "Hansen"]
[Black "Cardiff"]
[WhiteElo "1620"]
[BlackElo "1700"]
[Result "0-1"]
[Round "1"]
1.b3 c5
2.c4 Nb8c6
3.e3 Ng8f6
4.Ng1f3 d6
5.Bc1b2 g6
6.Nb1c3 Bf8g7
7.Nc3b5 O-O
8.h4 a6
9.Nb5c3 Bc8g4
10.Bf1d3 Nc6e5
11.Bd3e4 Bg4xf3
12.gxf3 Nf6xe4
13.fxe4 Ne5d3
14.Ke2 Nd3xb2
15.Qd1b1 Bg7xc3
16.dxc3 b5
17.Qb1xb2 Qd8b6
18.f4 bxc4
19.b4 cxb4
20.a3 b3
21.f5 Qb6c5
22.Rh1d1 Qc5e5
23.Rd1d5 Qe5h2
24.Ke1 Qh2xb2
25.Ra1d1 Qb2h2
26.Rd5d2 Qh2xh4
27.Kf1 Qh4xe4
28.Ke2 Qe4xf5
29.Rd1f1 Qf5g4
30.Ke1 Ra8b8
31.Rd2d4 Qg4g2
32.Rd4d2 Qg2g5
33.Ke2 b2
34.Rf1b1 d5
35.e4 dxe4
36.Kd1 Rf8d8
37.Rd2xd8 Rb8xd8
38.Ke1 e3
39.Rb1xb2 Qg5g4
40.Rb2b1 Qg4f3
41.Rb1b2 Rd8d1
{ resign }
0-1

[Event "Tourn. n8702"]
[Site "www.chess-mail.com"]
[Date "2016.05.31"]
[Round "1"]
[White "Awfen"]
[Black "Tonino1"]
[WhiteElo "2060"]
[BlackElo "2210"]
[Result "0-1"]
[Round "1"]
1.e4 c5
2.Bf1c4 e6
3.Ng1f3 d5
4.exd5 exd5
5.Bc4b5 Bc8d7
6.Bb5xd7 Nb8xd7
7.O-O Bf8d6
8.d4 c4
9.Bc1g5 f6
10.Rf1e1 Ng8e7
11.Bg5d2 O-O
12.Nb1c3 a6
13.Nc3e2 Ne7g6
14.c3 Qd8c7
15.Ne2g3 Rf8e8
16.Ng3f5 Bd6f4
17.Bd2xf4 Qc7xf4
18.Re1xe8 Ra8xe8
19.Nf5g3 Ng6h4
20.Nf3xh4 Qf4xh4
21.Ng3f5 Qh4f4
22.Nf5g3 g6
23.Qd1a4 Qf4d6
24.Kf1 Qd6e6
25.Ra1d1 h5
26.Qa4c2 Kg7
27.h3 h4
28.Ng3e2 g5
29.Rd1e1 f5
30.Qc2d2 Kh6
31.Ne2g1 Qe6xe1
32.Qd2xe1 Re8xe1
33.Kxe1 g4
34.hxg4 fxg4
35.Ng1e2 Kg5
36.Kd2 Nd7f6
37.Ke3 Nf6h5
38.b3 h3
39.f4 Kf5
40.bxc4 h2
{ resign }
0-1

[Event "Tourn. n8749"]
[Site "www.chess-mail.com"]
[Date "2016.05.31"]
[Round "1"]
[White "Mrfunk"]
[Black "Orhany24"]
[WhiteElo "2510"]
[BlackElo "2250"]
[Result "1-0"]
[Round "1"]
1.e4 e5
2.Ng1f3 Nb8c6
3.Bf1b5 a6
4.Bb5a4 Ng8f6
5.O-O b5
6.Ba4b3 Bf8e7
7.d4 exd4
8.e5 Nf6g4
9.Rf1e1 d6
10.Bb3d5 Bc8b7
11.Nf3xd4 Ng4xe5
12.Nd4xc6 Ne5xc6
13.Bc1g5 f6
14.Bg5xf6 { resign }
1-0

[Event "Tourn. n8782"]
[Site "www.chess-mail.com"]
[Date "2016.05.31"]
[Round "1"]
[White "Bojan"]
[Black "Jesmantiz"]
[WhiteElo "1940"]
[BlackElo "1900"]
[Result "0-1"]
[Round "1"]
1.c4 f5
2.b4 d6
3.Bc1b2 e5
4.a3 Ng8f6
5.e3 Bf8e7
6.d4 e4
7.d5 O-O
8.Ng1h3 Qd8e8
9.Nh3f4 Be7d8
10.Nb1d2 Nb8a6
11.Nd2b3 Nf6g4
12.Bf1e2 Ng4e5
13.Be2h5 g6
14.Bh5e2 Bd8f6
15.Ra1b1 Bc8d7
16.Nb3d4 c5
17.Nd4e6 Bd7xe6
18.Nf4xe6 Rf8f7
19.h3 cxb4
20.Qd1b3 bxa3
21.Bb2xa3 Rf7d7
22.h4 h5
23.f3 Qe8e7
24.f4 Bf6xh4
25.Kd2 Bh4f6
26.fxe5 Bf6xe5
27.Ba3b2 Ra8b8
28.Bb2a3 b6
29.Qb3a4 Na6c7
30.Qa4xa7 Rb8a8
31.Qa7xb6 Ra8xa3
32.Ne6f4 Be5xf4
33.exf4 e3
34.Kc2 Qe7e4
35.Kb2 Ra3a6
36.Qb6b3 Qe4d4
37.Qb3c3 Ra6a2
38.Kb3 Ra2a3
{ resign }
0-1

[Event "Tourn. n8764"]
[Site "www.chess-mail.com"]
[Date "2016.05.31"]
[Round "1"]
[White "Badshahc"]
[Black "Pellix84"]
[WhiteElo "1950"]
[BlackElo "1850"]
[Result "0-1"]
[Round "1"]
1.Nb1c3 Ng8f6
2.Ng1f3 b6
3.e3 Bc8b7
4.b3 e6
5.Bc1b2 Bf8e7
6.Bf1e2 Nb8c6
7.O-O d5
8.Be2b5 Qd8d7
 { time }
0-1

[Event "Tourn. n8776"]
[Site "www.chess-mail.com"]
[Date "2016.05.31"]
[Round "1"]
[White "Seger"]
[Black "Jhzes"]
[WhiteElo "2760"]
[BlackElo "2229"]
[Result "1-0"]
[Round "1"]
1.Ng1f3 e6
2.d4 c5
3.e4 Nb8c6
4.d5 exd5
5.exd5 Nc6e7
6.d6 Ne7f5
7.Qd1e2 Bf8e7
8.dxe7 Ng8xe7
9.g4 Nf5d6
10.Bc1f4 Qd8c7
11.Nb1c3 O-O
12.O-O-O { resign }
1-0

[Event "Tourn. n8689"]
[Site "www.chess-mail.com"]
[Date "2016.05.31"]
[Round "1"]
[White "Julian"]
[Black "Piekki"]
[WhiteElo "2110"]
[BlackElo "2050"]
[Result "0-1"]
[Round "1"]
1.e4 c6
2.d4 d5
3.e5 Bc8f5
4.Bf1d3 Bf5xd3
5.Qd1xd3 e6
6.f4 c5
7.c3 Nb8c6
8.Ng1e2 Ng8e7
9.O-O Ne7f5
10.g4 Nf5h4
11.Nb1a3 cxd4
12.Na3c2 dxc3
13.bxc3 Bf8c5
14.Bc1e3 b6
15.Be3xc5 bxc5
16.Ne2g3 O-O
17.Ra1d1 Qd8a5
18.Qd3e3 Qa5xa2
19.Rd1d2 Qa2a5
20.f5 d4
21.cxd4 cxd4
22.Nc2xd4 Nc6xe5
23.f6 Ne5xg4
24.Qe3f4 Ng4xf6
25.Rd2f2 Nh4g6
26.Qf4f3 Qa5d5
27.Qf3xd5 Nf6xd5
28.Rf2a2 Rf8e8
29.Ra2a6 e5
30.Nd4f5 e4
31.Nf5d6 Re8e7
32.Ng3f5 Re7e6
33.Ra6a5 Ng6f4
34.Nd6c4 Re6g6
35.Kh1 Rg6e6
36.Nc4e3 Nd5xe3
37.Rf1xf4 Ne3xf5
38.Rf4xf5 e3
39.Kg1 e2
40.Rf5e5 e1Q
41.Re5xe1 Re6xe1
42.Kf2 Re1e6
{ resign }
0-1